[Event "Liape Magistral 07 email"]
[Site "Liape email"]
[Date "2002.09.12"]
[Round "8"]
[White "Luzuriaga, Norberto Horacio"]
[Black "Soto, Carlos Alberto"]
[Result "1-0"]
[WhiteElo "2443"]
[BlackElo "2100"]
[PlyCount "41"]
[EventDate "2002.09.05"]
[EventType "tourn (corr)"]
[EventRounds "8"]
[EventCountry "ARG"]
[SourceTitle "Corr 2006"]
[Source "ChessBase"]
[SourceDate "2006.04.01"]
[SourceVersion "3"]
[SourceVersionDate "2006.04.01"]
[SourceQuality "1"]

1. d4 Nf6 2. c4 g6 3. Nc3 d5 4. cxd5 Nxd5 5. e4 Nxc3 6. bxc3 Bg7 7. Bc4 c5 8. Ne2 Nc6 9. Be3 0-0 10. 0-0 Bg4 11. f3 Na5 12. Bxf7+ Rxf7 13. fxg4 Rxf1+ 14. Kxf1 cxd4 15. cxd4 Qd7 16. g5 Qe6 17. Qd3 Qc4 18. Qd2 Qa6 19. Qc2 Nc4 20. Bf2 Rc8 21. Kg1 1-0

[Event "Liape Magistral 07 email"]
[Site "Liape email"]
[Date "2002.09.11"]
[Round "7"]
[White "Soto, Carlos Alberto"]
[Black "Jimenez, Jose"]
[Result "0-1"]
[WhiteElo "2100"]
[BlackElo "2168"]
[PlyCount "24"]
[EventDate "2002.09.05"]
[EventType "tourn (corr)"]
[EventRounds "8"]
[EventCountry "ARG"]
[SourceTitle "Corr 2006"]
[Source "ChessBase"]
[SourceDate "2006.04.01"]
[SourceVersion "3"]
[SourceVersionDate "2006.04.01"]
[SourceQuality "1"]

1. d4 Nf6 2. c4 c5 3. d5 b5 4. b3 g6 5. Bb2 Bg7 6. Nd2 0-0 7. Qc2 bxc4 8. bxc4 Na6 9. a3 Rb8 10. Rb1 d6 11. e4 Qa5 12. Bc3 Qxa3 0-1

[Event "Liape Magistral 07 email"]
[Site "Liape email"]
[Date "2002.09.10"]
[Round "6"]
[White "Conde Poderoso, Jose Antonio"]
[Black "Soto, Carlos Alberto"]
[Result "1-0"]
[WhiteElo "2170"]
[BlackElo "2100"]
[PlyCount "29"]
[EventDate "2002.09.05"]
[EventType "tourn (corr)"]
[EventRounds "8"]
[EventCountry "ARG"]
[SourceTitle "Corr 2006"]
[Source "ChessBase"]
[SourceDate "2006.04.01"]
[SourceVersion "3"]
[SourceVersionDate "2006.04.01"]
[SourceQuality "1"]

1. e4 e5 2. Nf3 Nc6 3. Bb5 Bc5 4. 0-0 Nge7 5. Nxe5 Nxe5 6. d4 Nf3+ 7. Qxf3 Bxd4 8. Rd1 Be5 9. Nd2 g6 10. Qa3 Nc6 11. Nc4 Qf6 12. Bxc6 bxc6 13. Qc5 Bd6 14. Rxd6 cxd6 15. Nxd6+ 1-0

[Event "Liape Magistral 07 email"]
[Site "Liape email"]
[Date "2002.09.05"]
[Round "1"]
[White "Sorroche Lupion, Francisco"]
[Black "Soto, Carlos Alberto"]
[Result "1-0"]
[WhiteElo "2208"]
[BlackElo "2100"]
[PlyCount "43"]
[EventDate "2002.09.05"]
[EventType "tourn (corr)"]
[EventRounds "8"]
[EventCountry "ARG"]
[SourceTitle "Corr 2006"]
[Source "ChessBase"]
[SourceDate "2006.04.01"]
[SourceVersion "3"]
[SourceVersionDate "2006.04.01"]
[SourceQuality "1"]

1. e4 e5 2. Nf3 Nc6 3. Bb5 Bc5 4. 0-0 Nge7 5. c3 a6 6. Bxc6 Nxc6 7. d4 exd4 8. cxd4 Be7 9. d5 Nb8 10. Bf4 d6 11. Re1 Bg4 12. Qa4+ b5 13. Qb3 f6 14. Nd4 Bd7 15. Qc2 0-0 16. Rc1 Ra7 17. Be3 Rb7 18. Nc6 Qe8 19. Na5 Rb6 20. Qxc7 Bd8 21. Qa7 Qg6 22. Kh1 1-0

[Event "Liape Magistral 05 email"]
[Site "Liape email"]
[Date "2002.08.26"]
[Round "10"]
[White "Costa, Paulo Cesar"]
[Black "Soto, Carlos Alberto"]
[Result "1-0"]
[WhiteElo "2228"]
[BlackElo "2100"]
[PlyCount "53"]
[EventDate "2002.08.17"]
[EventType "tourn (corr)"]
[EventRounds "9"]
[EventCountry "ARG"]
[SourceTitle "Corr 2006"]
[Source "ChessBase"]
[SourceDate "2006.04.01"]
[SourceVersion "3"]
[SourceVersionDate "2006.04.01"]
[SourceQuality "1"]

1. d4 Nf6 2. c4 g6 3. Nc3 d5 4. cxd5 Nxd5 5. e4 Nxc3 6. bxc3 Bg7 7. Bc4 c5 8. Ne2 0-0 9. 0-0 Nc6 10. Be3 Bg4 11. f3 Na5 12. Bxf7+ Rxf7 13. fxg4 Rxf1+ 14. Kxf1 cxd4 15. cxd4 Qd7 16. h3 Qe6 17. Qd3 Qc4 18. Qxc4+ Nxc4 19. Bg5 e5 20. d5 Nd6 21. Ng3 Rc8 22. Rc1 Rxc1+ 23. Bxc1 b5 24. Be3 a5 25. Ke2 Bf8 26. Bc5 Kf7 27. Kd3 1-0

[Event "Liape Magistral 05 email"]
[Site "Liape email"]
[Date "2002.08.19"]
[Round "3"]
[White "Sacerdotali, Sergio"]
[Black "Soto, Carlos Alberto"]
[Result "1-0"]
[WhiteElo "2316"]
[BlackElo "2100"]
[PlyCount "43"]
[EventDate "2002.08.17"]
[EventType "tourn (corr)"]
[EventRounds "9"]
[EventCountry "ARG"]
[SourceTitle "Corr 2006"]
[Source "ChessBase"]
[SourceDate "2006.04.01"]
[SourceVersion "3"]
[SourceVersionDate "2006.04.01"]
[SourceQuality "1"]

1. e4 e5 2. Nf3 Nc6 3. Bb5 Bc5 4. c3 Nge7 5. 0-0 Bb6 6. d4 exd4 7. cxd4 d5 8. exd5 Nxd5 9. Re1+ Be6 10. Bg5 Qd6 11. Nbd2 Qb4 12. Bxc6+ bxc6 13. Qc2 0-0 14. a3 Qb5 15. a4 Qa5 16. Nc4 Nb4 17. Qb3 Bxc4 18. Qxc4 c5 19. Be7 c6 20. dxc5 Bc7 21. Bxf8 Rxf8 22. Re4 1-0